Normal view
MARC view
Entry Geographic Name
001 - CONTROL NUMBER
- control field: 79269
003 - CONTROL NUMBER IDENTIFIER
- control field: BDCtgAUW
005 - DATE AND TIME OF LATEST TRANSACTION
- control field: 20260127093550.0
008 - FIXED-LENGTH DATA ELEMENTS
- fixed length control field: 260127|| aca||aabn | a|a d
040 ## - CATALOGING SOURCE
- Original cataloging agency: BDCtgAUW
- Transcribing agency: BDCtgAUW
151 ## - HEADING--GEOGRAPHIC NAME
- Geographic name: Alexandria (Egypt)
- General subdivision: History
670 ## - SOURCE DATA FOUND
- Source citation: Work cat.: (BDCtgAUW)804: Canfora, Luciano. author 6129, The vanished library :, 1989.